LEADER 01069nam0-22003611i-450- 001 990006333040403321 005 20100304103356.0 035 $a000633304 035 $aFED01000633304 035 $a(Aleph)000633304FED01 035 $a000633304 100 $a20000112d1956----km-y0itay50------ba 101 0 $aita 102 $aIT 105 $ay---n---001yy 200 1 $a<>diritto al lavoro$fManlio Mazziotti 210 $aMilano$cGiuffré$d1956 215 $a389 p.$d24 cm 225 1 $aMonografie dell'Istituto di diritto pubblico della Facoltà di giurisprudenza dell'Università degli studi di Roma$iNuova serie$v9 676 $a323.46$v21$zita 700 1$aMazziotti di Celso,$bManlio$052492 801 0$aIT$bUNINA$gRICA$2UNIMARC 901 $aBK 912 $a990006333040403321 952 $aI E 312$bSez.I 194$fFGBC 952 $aUniversità 49 (9)$b51518$fFGBC 952 $aVI L 14$b744$fDDA 952 $aDPR 29-26$b010076$fDEC 959 $aFGBC 959 $aDDA 959 $aDEC 996 $aDiritto al lavoro$9203090 997 $aUNINA LEADER 01631nam 2200337 n 450 001 996384073003316 005 20221108094918.0 035 $a(CKB)1000000000581421 035 $a(EEBO)2240911886 035 $a(UnM)99865893 035 $a(EXLCZ)991000000000581421 100 $a19940309d1654 uy | 101 0 $aeng 135 $aurbn||||a|bb| 200 10$aBanners of love displaied over the Church of Christ, walking in the order of the Gospel at Hexham: by the out-stretched arm of the King of Saints, against the jesuitical design lately attempted by the false Iew. Or, An answer to a narrative stuff'd with untruths, by four Newcastle gentlemen$b[electronic resource] 210 $aLondon, $cPrinted by Hen. Hills, and are to be sold at his house at the sign of Sir John Old Castle in Py-Corner$d1654 215 $a[6], 42 p 300 $aAnnotation on Thomason copy: "Jan: 16 1653"; the 4 in the imprint date has been crossed out. 300 $aReproduction of the original in the British Library. 330 $aeebo-0018 606 $aJews$zGreat Britain$vEarly works to 1800 615 0$aJews 700 $aTillam$b Thomas$01005256 801 0$bCu-RivES 801 1$bCu-RivES 801 2$bCStRLIN 801 2$bWaOLN 906 $aBOOK 912 $a996384073003316 996 $aBanners of love displaied over the Church of Christ, walking in the order of the Gospel at Hexham: by the out-stretched arm of the King of Saints, against the jesuitical design lately attempted by the false Iew. Or, An answer to a narrative stuff'd with untruths, by four Newcastle gentlemen$92334212 997 $aUNISA